Jean Dawson Song by Lyrics - Statistics

General Stats
  • This quiz has been taken 79 times
  • The average score is 8 of 13
Answer Stats
Lyrics Song Title % Correct
"I don't need no smoke
B****, I am the smoke
Give me space"
MENTHOL*
98%
"My E and my Q
I put the G in the Q
B****, I'm a G and I'm cute"
Triple Double
70%
"The sharks in the water, please partner Watch your body, hanging on the left side Right side, give me all of that" Shiner
68%
"Watch your mouth when you speak to me I'm the new black history Watch your back when you close to me I keep an all-glass rosary" 06 Burst
67%
"I have razor blades hidden in my mouth I don't leave home without the pistol out my couch Creepers at my door, I don't go out there no more" 90's Green Screen
63%
"No, don't cry, you don't have to cry Before you're born it's like when you die It's all black It's called death" Clear Bones
63%
"My old man was a jackboy With the black mask and I'm just like him" Devilish
63%
"These horns don't get bloody for no reason
This the season for open season on b**** n****s
Ditch diggin', I promise I ain't no b**** n**** Squeeze quicker, my ligaments on twitch, hittin'
Bull Fighter
58%
"I wish all my days were a little bit longer Wish my eyes were a little bit stronger Live my life like I'm running from the police Live my life like nobody" Ghost*
57%
"You a creeper in the window You the monster under my bed, yeah, yeah" Starface*
48%
"I apologize if I have trouble
Being all you need
Being the air you breath
The smoke in your lungs turns
White eyes pink"
Pity Party
35%
"You can't hide They want your soul They want your light They sense you're cold I'm imaging the night" Glacier Gallery
32%
"You don't wanna see me here Tell me take it easy here I been feelin' sleepy here Runnin' like I'm on a hill" Poster Child
30%
No matching quizzes found
Score Distribution
Percent of People with Each Score
Percentile by Number Answered
Your Score History
You have not taken this quiz